Proti praniu špinavých peňazí
Celosvetový problém prania špinavých peňazí. Softvérové riešenia chrániace povesť banky a ktoré bojujú proti zločinu. Presadzovanie opatrení proti praniu špinavých peňazí v bankách na Slovensku. Informačné technológie na detekciu podozrivých bankových operácií. On-line kontrola transakcií.
Salvato in:
| Natura: | Capitolo di libro |
|---|---|
| Lingua: | slovacco |
| Soggetti: | |
| Tags: |
Nessun Tag, puoi essere il primo ad aggiungerne!!
|
MARC
| LEADER | 00000naa$a2200000$$$4500 | ||
|---|---|---|---|
| 001 | 0039219 | ||
| 005 | 20231006121203.1 | ||
| 041 | 0 | |a slo | |
| 044 | |a SK | ||
| 245 | 1 | 0 | |a Proti praniu špinavých peňazí |
| 520 | |a Celosvetový problém prania špinavých peňazí. Softvérové riešenia chrániace povesť banky a ktoré bojujú proti zločinu. Presadzovanie opatrení proti praniu špinavých peňazí v bankách na Slovensku. Informačné technológie na detekciu podozrivých bankových operácií. On-line kontrola transakcií. | ||
| 610 | 2 | 0 | |a bankovníctvo |
| 610 | 2 | 0 | |a banky |
| 610 | 2 | 0 | |a pranie špinavých peňazí |
| 610 | 2 | 0 | |a činnosť trestná |
| 610 | 2 | 0 | |a technológie informačné |
| 610 | 2 | 0 | |a softvér |
| 610 | 2 | 0 | |a kontrola |
| 610 | 2 | 0 | |a klienti |